[Event "Titled Tuesday intern op 26th Sep Late"]
[Site "Chess.com INT"]
[Date "2023.09.26"]
[Round "3"]
[White "Cheng, Xiao"]
[Black "Quirke, Jeffrey"]
[Result "1-0"]
[WhiteElo "2288"]
[BlackElo "2015"]
[PlyCount "49"]
[EventDate "2023.09.26"]
[EventType "swiss (blitz)"]
[EventRounds "11"]
[EventCountry "USA"]
[SourceTitle "EXT 2024"]
[Source "ChessBase"]
[SourceDate "2023.10.10"]
[SourceVersion "1"]
[SourceVersionDate "2023.10.10"]
[SourceQuality "1"]

1. e4 Nf6 2. e5 Nd5 3. d4 d6 4. exd6 cxd6 5. Nf3 g6 6. Be2 Bg7 7. 0-0 0-0 8. c4 Nf6 9. h3 Nc6 10. Nc3 Bf5 11. Nh4 Ne4 12. Nxf5 gxf5 13. Be3 e5 14. dxe5 dxe5 15. Nxe4 fxe4 16. Qb3 Nd4 17. Bxd4 exd4 18. Qxb7 d3 19. Bh5 Qg5 20. Bxf7+ Kh8 21. Bd5 Rab8 22. Qxa7 Rxb2 23. Bxe4 Rbxf2 24. Rxf2 Rxf2 25. Qxf2 1-0

[Event "Titled Tuesday intern op 26th Sep Early"]
[Site "Chess.com INT"]
[Date "2023.09.26"]
[Round "2"]
[White "Chirivi Castiblanco, Jenny Astrid"]
[Black "Cheng, Xiao"]
[Result "0-1"]
[WhiteElo "2173"]
[BlackElo "2288"]
[PlyCount "74"]
[EventDate "2023.09.26"]
[EventType "swiss (blitz)"]
[EventRounds "11"]
[EventCountry "USA"]
[SourceTitle "EXT 2024"]
[Source "ChessBase"]
[SourceDate "2023.10.10"]
[SourceVersion "1"]
[SourceVersionDate "2023.10.10"]
[SourceQuality "1"]

1. d4 d5 2. c4 e6 3. Nc3 Nf6 4. cxd5 exd5 5. Bg5 Bb4 6. e3 c5 7. Nf3 Qa5 8. Nd2 Nbd7 9. Qc2 cxd4 10. exd4 0-0 11. Be2 Re8 12. Be3 Nf8 13. 0-0 Ng6 14. a3 Bd6 15. g3 a6 16. Bf3 Be6 17. Bg2 Rac8 18. Qb3 Qc7 19. Rac1 Qe7 20. Na4 b5 21. Nc3 Bb8 22. Nxd5 Nxd5 23. Bxd5 Bh3 24. Bg2 Bxg2 25. Kxg2 Qb7+ 26. Kg1 Rcd8 27. Rc2 h5 28. Rfc1 h4 29. Nf1 Qf3 30. Nd2 Qh5 31. Nf1 h3 32. Bd2 Rxd4 33. Rc8 Rdd8 34. Rxd8 Rxd8 35. Qe3 Ne5 36. f4 Ba7 37. Qxa7 Qe2 0-1

[Event "Titled Tuesday intern op 19th Sep Late"]
[Site "Chess.com INT"]
[Date "2023.09.19"]
[Round "10"]
[White "Cheng, Xiao"]
[Black "Galaktionov, Artem"]
[Result "0-1"]
[WhiteElo "2288"]
[BlackElo "2321"]
[PlyCount "98"]
[EventDate "2023.09.19"]
[EventType "swiss (blitz)"]
[EventRounds "11"]
[EventCountry "USA"]
[SourceTitle "EXT 2024"]
[Source "ChessBase"]
[SourceDate "2023.10.10"]
[SourceVersion "1"]
[SourceVersionDate "2023.10.10"]
[SourceQuality "1"]

1. e4 c6 2. Nf3 g6 3. d4 Bg7 4. Nc3 d6 5. h3 Nd7 6. Be3 e5 7. Qd2 Ngf6 8. a4 0-0 9. Bc4 Qe7 10. 0-0 exd4 11. Nxd4 Nxe4 12. Nxe4 Qxe4 13. Bd3 Qd5 14. c4 Qe5 15. f4 Qe7 16. Rae1 Qd8 17. b4 a5 18. Nb3 axb4 19. Qxb4 c5 20. Qa3 Nb6 21. a5 Be6 22. Qc1 Na4 23. Be4 Qd7 24. Rf2 Nc3 25. Bf3 Bxc4 26. Nd2 Be6 27. Ne4 Nxe4 28. Bxe4 Rxa5 29. f5 Bxf5 30. Bxf5 gxf5 31. Bh6 Ra1 32. Qxa1 Bxa1 33. Bxf8 Kxf8 34. Rxa1 b5 35. Re2 c4 36. Ra8+ Kg7 37. Kf2 d5 38. Ree8 d4 39. Rg8+ Kf6 40. Ra6+ Ke5 41. Raa8 d3 42. Rge8+ Kf6 43. Rad8 Qa7+ 44. Kf3 Qb7+ 45. Kf4 Qc7+ 46. Kf3 b4 47. Rc8 Qb7+ 48. Ke3 Qxg2 49. Rc6+ Qxc6 0-1

[Event "Titled Tuesday intern op 19th Sep Late"]
[Site "Chess.com INT"]
[Date "2023.09.19"]
[Round "1"]
[White "Cheng, Xiao"]
[Black "Sarkar, Justin"]
[Result "1-0"]
[WhiteElo "2288"]
[BlackElo "2290"]
[PlyCount "77"]
[EventDate "2023.09.19"]
[EventType "swiss (blitz)"]
[EventRounds "11"]
[EventCountry "USA"]
[SourceTitle "EXT 2024"]
[Source "ChessBase"]
[SourceDate "2023.10.10"]
[SourceVersion "1"]
[SourceVersionDate "2023.10.10"]
[SourceQuality "1"]

1. e4 c5 2. Nf3 e6 3. d4 cxd4 4. Nxd4 Nc6 5. Nc3 Qc7 6. g3 a6 7. Bg2 Nf6 8. 0-0 Bc5 9. Be3 Ne5 10. h3 Nc4 11. Bc1 0-0 12. b3 Ne5 13. Bb2 b5 14. a3 Bb7 15. f4 Nc6 16. Nce2 e5 17. fxe5 Nxe5 18. Kh2 Nxe4 19. Rf5 Rae8 20. Nf4 g6 21. Rh5 gxh5 22. Qxh5 Ng6 23. Nf5 f6 24. Nxg6 Nxg3 25. Nxg3 Bf2 26. Qg4 Qxg3+ 27. Qxg3 Bxg3+ 28. Kxg3 hxg6 29. Bxb7 Re2 30. Bd5+ Kg7 31. Rc1 Rc8 32. Rf1 Rcxc2 33. Bxf6+ Kh6 34. h4 Re3+ 35. Kf4 Ree2 36. Bg5+ Kg7 37. Kg4 Rf2 38. Re1 Rce2 39. Rd1 1-0

[Event "Titled Tuesday intern op 12th Sep Late"]
[Site "Chess.com INT"]
[Date "2023.09.12"]
[Round "6"]
[White "Bashirli, Nail Qoshqar"]
[Black "Cheng, Xiao"]
[Result "1/2-1/2"]
[WhiteElo "2327"]
[BlackElo "2288"]
[PlyCount "141"]
[EventDate "2023.09.12"]
[EventType "swiss (blitz)"]
[EventRounds "11"]
[EventCountry "USA"]
[SourceTitle "EXT 2024"]
[Source "ChessBase"]
[SourceDate "2023.10.10"]
[SourceVersion "1"]
[SourceVersionDate "2023.10.10"]
[SourceQuality "1"]

1. e4 c5 2. Nf3 e6 3. g3 Nc6 4. Bg2 g6 5. h4 Bg7 6. h5 g5 7. d3 h6 8. c3 Nge7 9. Be3 b6 10. d4 cxd4 11. Nxd4 Nxd4 12. Bxd4 e5 13. Be3 Bb7 14. Na3 d5 15. exd5 Bxd5 16. Qa4+ Qd7 17. Qxd7+ Kxd7 18. 0-0-0 Ke6 19. Bxd5+ Nxd5 20. g4 Rhc8 21. Rd2 Bf8 22. Nc2 Bc5 23. Bxc5 Rxc5 24. Re1 Nf4 25. Nd4+ Kf6 26. Nf5 Re8 27. Nxh6 e4 28. Rd6+ Kg7 29. Nf5+ Kh7 30. Rd7 Nxh5 31. Rh1 Kg6 32. Ne7+ Kf6 33. Nd5+ Ke6 34. Rxh5 Kxd7 35. Nf6+ Ke7 36. Nxe8 Kxe8 37. Kd2 Rb5 38. b3 Re5 39. Ke3 Ke7 40. Rh8 Kf6 41. Ra8 Ra5 42. a4 b5 43. axb5 Rxb5 44. b4 Rb7 45. Kxe4 Re7+ 46. Kd3 Ke5 47. b5 Kf4 48. c4 Kxg4 49. c5 Kf3 50. c6 Kxf2 51. Rxa7 Rxa7 52. b6 Ra3+ 53. Kc2 g4 54. b7 g3 55. b8Q g2 56. Qb6+ Re3 57. c7 g1Q 58. c8Q Qg2 59. Qf5+ Kg3+ 60. Kd1 Qg1+ 61. Kd2 Re2+ 62. Kxe2 Qxb6 63. Qxf7 Qb2+ 64. Ke3 Qc3+ 65. Ke4 Qc2+ 66. Ke5 Qe2+ 67. Kd6 Qd3+ 68. Ke7 Qe4+ 69. Kf8 Qf4 70. Kg7 Qxf7+ 71. Kxf7 1/2-1/2

[Event "Titled Tuesday intern op 12th Sep Late"]
[Site "Chess.com INT"]
[Date "2023.09.12"]
[Round "4"]
[White "Korchmar, Vasiliy"]
[Black "Cheng, Xiao"]
[Result "1-0"]
[WhiteElo "2438"]
[BlackElo "2288"]
[PlyCount "85"]
[EventDate "2023.09.12"]
[EventType "swiss (blitz)"]
[EventRounds "11"]
[EventCountry "USA"]
[SourceTitle "EXT 2024"]
[Source "ChessBase"]
[SourceDate "2023.10.10"]
[SourceVersion "1"]
[SourceVersionDate "2023.10.10"]
[SourceQuality "1"]

1. e4 c5 2. d4 cxd4 3. Qxd4 Nc6 4. Qd3 e6 5. Nc3 a6 6. Bf4 b5 7. 0-0-0 Qa5 8. Kb1 b4 9. Nd5 exd5 10. exd5 Nce7 11. d6 Nc6 12. Re1+ Kd8 13. Nf3 h6 14. Ne5 Nxe5 15. Rxe5 Qb6 16. Qe4 Bxd6 17. Re8+ Kc7 18. Qxa8 Ne7 19. Be3 Rxe8 20. Bxb6+ Kxb6 21. Bxa6 Kc7 22. Rd1 Bc5 23. Bxc8 Rxc8 24. Qa5+ Bb6 25. Qe5+ Kd8 26. Qxg7 Kc7 27. Qxf7 Bc5 28. Qf4+ Kb6 29. Qxh6+ Nc6 30. Rxd7 Bxf2 31. Rd6 Bc5 32. Re6 Kb5 33. g4 Rd8 34. a4+ bxa3 35. Rxc6 axb2 36. Rxc5+ Kxc5 37. Qg5+ Kc4 38. Qxd8 Kc3 39. Qd5 Kb4 40. Kxb2 Ka4 41. Qb7 Ka5 42. c4 Ka4 43. Qb5# 1-0

[Event "Titled Tuesday intern op 05th Sep Late"]
[Site "Chess.com INT"]
[Date "2023.09.05"]
[Round "2"]
[White "Cheng, Xiao"]
[Black "Weisz, Bryan"]
[Result "1-0"]
[WhiteElo "2288"]
[BlackElo "1985"]
[PlyCount "89"]
[EventDate "2023.09.05"]
[EventType "swiss (blitz)"]
[EventRounds "11"]
[EventCountry "USA"]
[SourceTitle "EXT 2024"]
[Source "ChessBase"]
[SourceDate "2023.10.10"]
[SourceVersion "1"]
[SourceVersionDate "2023.10.10"]
[SourceQuality "1"]

1. e4 d6 2. d4 Nd7 3. Nc3 Ngf6 4. Bg5 e6 5. f3 Be7 6. Qd2 h6 7. Be3 c5 8. Nge2 cxd4 9. Nxd4 a6 10. g4 Ne5 11. 0-0-0 b5 12. h3 Bb7 13. Kb1 Rc8 14. h4 d5 15. Qf2 Rxc3 16. bxc3 Qa5 17. Nb3 Qxc3 18. Be2 Nc4 19. Bxc4 bxc4 20. Qd2 Qe5 21. Na5 0-0 22. Bf4 Nxe4 23. Bxe5 Nxd2+ 24. Rxd2 Bb4 25. Nxb7 Bxd2 26. a3 f6 27. Bd6 Rc8 28. Rd1 c3 29. Na5 e5 30. Nb3 Rc6 31. Bb4 d4 32. Nxd2 cxd2 33. Rxd2 Kf7 34. Ka2 Ke6 35. Kb3 Kd5 36. c3 Rc4 37. cxd4 Rxd4 38. Rxd4+ Kxd4 39. Bf8 Ke3 40. Bxg7 Kxf3 41. Bxf6 e4 42. g5 hxg5 43. hxg5 e3 44. g6 e2 45. Bh4 1-0

[Event "Titled Tuesday intern op 29th Aug Late"]
[Site "Chess.com INT"]
[Date "2023.08.29"]
[Round "7"]
[White "Cheng, Xiao"]
[Black "Dourerassou, Jonathan"]
[Result "0-1"]
[WhiteElo "2288"]
[BlackElo "2415"]
[PlyCount "70"]
[EventDate "2023.08.29"]
[EventType "swiss (blitz)"]
[EventRounds "11"]
[EventCountry "USA"]
[SourceTitle "EXT 2024"]
[Source "ChessBase"]
[SourceDate "2023.10.10"]
[SourceVersion "1"]
[SourceVersionDate "2023.10.10"]
[SourceQuality "1"]

1. e4 c5 2. Nf3 e6 3. d4 cxd4 4. Nxd4 Nf6 5. Nc3 Nc6 6. a3 Be7 7. Be3 0-0 8. f3 d5 9. exd5 Nxd5 10. Nxd5 Qxd5 11. Nxc6 Qxc6 12. Bd3 Bc5 13. Qe2 e5 14. 0-0 Be6 15. Kh1 Rad8 16. Be4 Qc7 17. Bxc5 Qxc5 18. Bxb7 Bc4 19. Qf2 Qb5 20. Rfe1 Qxb7 21. b3 Be6 22. Rxe5 h6 23. Ra5 Rd7 24. h3 Rfd8 25. Re1 Qb8 26. f4 Rd2 27. Qf3 Qb6 28. Rae5 Rf2 29. Qg3 Rdd2 30. f5 Rxg2 31. Qxg2 Rxg2 32. Kxg2 Qc6+ 33. Kg3 Bxf5 34. Rxf5 Qc3+ 35. Kf2 Qxc2+ 0-1

[Event "Titled Tuesday intern op 29th Aug Late"]
[Site "Chess.com INT"]
[Date "2023.08.29"]
[Round "8"]
[White "Mirzoev, Azer"]
[Black "Cheng, Xiao"]
[Result "0-1"]
[WhiteElo "2417"]
[BlackElo "2288"]
[PlyCount "48"]
[EventDate "2023.08.29"]
[EventType "swiss (blitz)"]
[EventRounds "11"]
[EventCountry "USA"]
[SourceTitle "EXT 2024"]
[Source "ChessBase"]
[SourceDate "2023.10.10"]
[SourceVersion "1"]
[SourceVersionDate "2023.10.10"]
[SourceQuality "1"]

1. Nf3 d5 2. c4 d4 3. b4 f6 4. e3 e5 5. exd4 exd4 6. c5 a5 7. Bc4 Qe7+ 8. Kf1 axb4 9. Qb3 Nh6 10. Nxd4 Qxc5 11. Bb2 Nc6 12. Ne6 Bxe6 13. Bxe6 Nd4 14. Qe3 Nxe6 15. Qxe6+ Be7 16. h4 Qd6 17. Qc4 0-0-0 18. Rh3 Qd5 19. Qe2 Bc5 20. a3 Rhe8 21. Qd1 Qc4+ 22. d3 Qf4 23. Qf3 Rxd3 24. Qxf4 Rd1# 0-1

[Event "Titled Tuesday intern op 22nd Aug Late"]
[Site "Chess.com INT"]
[Date "2023.08.22"]
[Round "5"]
[White "Cheng, Xiao"]
[Black "Di Berardino, Diego Rafael"]
[Result "0-1"]
[WhiteElo "2288"]
[BlackElo "2479"]
[PlyCount "84"]
[EventDate "2023.08.22"]
[EventType "swiss (blitz)"]
[EventRounds "11"]
[EventCountry "USA"]
[SourceTitle "EXT 2024"]
[Source "ChessBase"]
[SourceDate "2023.10.10"]
[SourceVersion "1"]
[SourceVersionDate "2023.10.10"]
[SourceQuality "1"]

1. e4 c5 2. Nf3 b6 3. d4 cxd4 4. Nxd4 Bb7 5. Bd3 Nc6 6. Nb3 e6 7. 0-0 Nf6 8. Qe2 Nb4 9. e5 Nxd3 10. cxd3 Nd5 11. N1d2 Be7 12. Ne4 0-0 13. Kh1 f5 14. Nd6 Bxd6 15. exd6 f4 16. f3 Qf6 17. d4 a5 18. Qe5 Qh6 19. a4 Rf5 20. Qe2 Ba6 21. Qf2 Bxf1 22. Qxf1 Qf6 23. Qb5 Ra7 24. Bd2 Qf8 25. Rc1 Qxd6 26. Qd3 Rc7 27. Re1 Rf8 28. Nc1 Qc6 29. Qe2 Qxa4 30. Nd3 Rc2 31. Qd1 Qb3 32. Bc1 Rfc8 33. h3 a4 34. Bd2 Qxd3 35. Bxf4 Qxd1 36. Rxd1 Nxf4 37. d5 e5 38. d6 Rxg2 39. b3 Rcc2 40. bxa4 Rh2+ 41. Kg1 Rcg2+ 42. Kf1 Rh1# 0-1

[Event "Titled Tuesday intern op 22nd Aug Late"]
[Site "Chess.com INT"]
[Date "2023.08.22"]
[Round "9"]
[White "Pham, Le Thao Nguyen"]
[Black "Cheng, Xiao"]
[Result "1-0"]
[WhiteElo "2370"]
[BlackElo "2288"]
[PlyCount "121"]
[EventDate "2023.08.22"]
[EventType "swiss (blitz)"]
[EventRounds "11"]
[EventCountry "USA"]
[SourceTitle "EXT 2024"]
[Source "ChessBase"]
[SourceDate "2023.10.10"]
[SourceVersion "1"]
[SourceVersionDate "2023.10.10"]
[SourceQuality "1"]

1. d4 Nf6 2. Nf3 e6 3. Bf4 Be7 4. h3 b5 5. e3 a6 6. Nbd2 c5 7. c3 Bb7 8. Bd3 d5 9. 0-0 Nbd7 10. a3 Rc8 11. b4 cxb4 12. cxb4 Ne4 13. Nb3 0-0 14. Nc5 Nexc5 15. bxc5 f6 16. Qb1 f5 17. a4 Bc6 18. axb5 axb5 19. Bxb5 g5 20. Bxc6 Rxc6 21. Ne5 Rc8 22. Nxd7 Qxd7 23. Be5 f4 24. exf4 gxf4 25. Ra3 Bf6 26. Bxf6 Rxf6 27. Rf3 Qg7 28. Kh1 Rcf8 29. Qd3 Rg6 30. Rg1 Qd7 31. Qe2 Rf5 32. Qd2 Rgf6 33. Rc1 Qc7 34. c6 Rh5 35. Qb4 Rf7 36. Qc5 Rg5 37. Rb1 Rfg7 38. Rb7 Qc8 39. Rxg7+ Rxg7 40. Rxf4 Qb8 41. Rg4 Qc7 42. Rxg7+ Kxg7 43. Qb5 Kf6 44. g3 Qa7 45. Qc5 Qa1+ 46. Kg2 Qe1 47. Qc2 e5 48. dxe5+ Qxe5 49. c7 d4 50. c8Q Qd5+ 51. Kh2 d3 52. Q2c6+ Ke5 53. Qxd5+ Kxd5 54. Qd7+ Ke4 55. Qxh7+ Kf3 56. Qxd3+ Kxf2 57. g4 Ke1 58. Qc2 Kf1 59. Kg3 Ke1 60. Kf3 Kf1 61. Qf2# 1-0

[Event "Titled Tuesday intern op 08th Aug Late"]
[Site "Chess.com INT"]
[Date "2023.08.08"]
[Round "5"]
[White "Cheng, Xiao"]
[Black "Do Valle Cardoso, Lucas"]
[Result "0-1"]
[WhiteElo "2288"]
[BlackElo "2282"]
[PlyCount "74"]
[EventDate "2023.08.08"]
[EventType "swiss (blitz)"]
[EventRounds "11"]
[EventCountry "USA"]
[SourceTitle "EXT 2024"]
[Source "ChessBase"]
[SourceDate "2023.10.10"]
[SourceVersion "1"]
[SourceVersionDate "2023.10.10"]
[SourceQuality "1"]

1. d4 d5 2. c4 dxc4 3. e4 e5 4. Nf3 exd4 5. Nxd4 Nf6 6. Nc3 Bc5 7. Be3 Ng4 8. Bxc4 Nxe3 9. fxe3 0-0 10. 0-0 Nd7 11. Kh1 Ne5 12. Bb3 c6 13. Qh5 Qc7 14. Nf5 g6 15. Nh6+ Kg7 16. Qh4 Be7 17. Qg3 Kxh6 18. Rac1 Qd6 19. Rcd1 Qc7 20. Bxf7 Bg4 21. Rc1 Kg7 22. Nd5 Qd6 23. Nxe7 Qxe7 24. Bb3 Rxf1+ 25. Rxf1 Rf8 26. Ra1 h5 27. h3 h4 28. Qe1 Be6 29. Bc2 Qg5 30. Rd1 Qg3 31. Qg1 Rf2 32. Bb3 Bxb3 33. axb3 Nf3 34. Rd7+ Kh6 35. Rd8 Nxg1 36. Rh8+ Kg7 37. Rxh4 Qxg2# 0-1

[Event "Titled Tuesday intern op 08th Aug Late"]
[Site "Chess.com INT"]
[Date "2023.08.08"]
[Round "7"]
[White "Cheng, Xiao"]
[Black "Harish, Neeraj"]
[Result "0-1"]
[WhiteElo "2288"]
[BlackElo "2040"]
[PlyCount "146"]
[EventDate "2023.08.08"]
[EventType "swiss (blitz)"]
[EventRounds "11"]
[EventCountry "USA"]
[SourceTitle "EXT 2024"]
[Source "ChessBase"]
[SourceDate "2023.10.10"]
[SourceVersion "1"]
[SourceVersionDate "2023.10.10"]
[SourceQuality "1"]

1. e4 c6 2. d4 d5 3. e5 Bf5 4. h4 h5 5. Bd3 Bxd3 6. Qxd3 Qa5+ 7. c3 Qa6 8. Qxa6 Nxa6 9. e6 fxe6 10. Nf3 Nf6 11. Ne5 Rg8 12. Bf4 g6 13. Nd2 Bg7 14. Nxg6 c5 15. Nf3 Ne4 16. Ke2 Rc8 17. dxc5 Naxc5 18. Nge5 Bxe5 19. Bxe5 Rxg2 20. Bd4 Nd7 21. Rhg1 Rg4 22. Nh2 Rxh4 23. Rg8+ Nf8 24. Nf3 Rg4 25. Rh8 Rg2 26. Rh1 Kd7 27. Ne5+ Kc7 28. R1xh5 Nd7 29. Rxc8+ Kxc8 30. Bxa7 Nxe5 31. Rxe5 Kd7 32. Bd4 Rh2 33. a4 Nd6 34. Rg5 Nc4 35. b3 Nd6 36. Rg1 Rh3 37. f3 Nf5 38. Be5 Nh4 39. Rf1 Nf5 40. b4 Ng3+ 41. Bxg3 Rxg3 42. Ke3 Kd6 43. Kf4 Rg8 44. a5 Rf8+ 45. Ke3 e5 46. Rh1 e6 47. Rh7 Kc6 48. Re7 Rf6 49. Kd3 Rxf3+ 50. Kc2 Rf6 51. Kb3 e4 52. Ka4 e3 53. b5+ Kc5 54. Rc7+ Kd6 55. Rh7 e2 56. c4 e1Q 57. c5+ Kxc5 58. Rc7+ Kd6 59. Rc2 Rf4+ 60. Kb3 Qb4+ 61. Ka2 Qa4+ 62. Kb2 Rb4+ 63. Kc1 Qxc2+ 64. Kxc2 Rxb5 65. Kc3 Rxa5 66. Kb4 Rc5 67. Ka4 e5 68. Kb4 e4 69. Ka4 e3 70. Kb3 e2 71. Ka4 e1Q 72. Kb3 Qb1+ 73. Ka3 Ra5# 0-1

[Event "Titled Tuesday intern op 08th Aug Late"]
[Site "Chess.com INT"]
[Date "2023.08.08"]
[Round "3"]
[White "Golubka, Petr"]
[Black "Cheng, Xiao"]
[Result "1-0"]
[WhiteElo "2421"]
[BlackElo "2288"]
[PlyCount "43"]
[EventDate "2023.08.08"]
[EventType "swiss (blitz)"]
[EventRounds "11"]
[EventCountry "USA"]
[SourceTitle "EXT 2024"]
[Source "ChessBase"]
[SourceDate "2023.10.10"]
[SourceVersion "1"]
[SourceVersionDate "2023.10.10"]
[SourceQuality "1"]

1. e4 c5 2. b3 e5 3. Bb2 Nc6 4. Bb5 d6 5. f4 exf4 6. Nf3 Nf6 7. Qe2 Be7 8. e5 dxe5 9. Nxe5 0-0 10. Bxc6 bxc6 11. Nxc6 Qd6 12. Nxe7+ Kh8 13. Nxc8 Raxc8 14. 0-0 Nd5 15. Nc3 Nb4 16. Ne4 Qg6 17. Rxf4 f5 18. Raf1 Nxc2 19. Ng3 c4 20. Nxf5 c3 21. Bxc3 Qb6+ 22. Kh1 1-0

[Event "Titled Tuesday intern op 20th Jun Early"]
[Site "Chess.com INT"]
[Date "2023.06.20"]
[Round "4"]
[White "Cheng, Xiao"]
[Black "Acioli, Luyse Victoria Gome"]
[Result "1-0"]
[WhiteElo "2288"]
[BlackElo "1613"]
[PlyCount "57"]
[EventDate "2023.06.20"]
[EventType "swiss (blitz)"]
[EventRounds "11"]
[EventCountry "USA"]
[SourceTitle "EXT 2024"]
[Source "ChessBase"]
[SourceDate "2023.10.10"]
[SourceVersion "1"]
[SourceVersionDate "2023.10.10"]
[SourceQuality "1"]

1. e4 c5 2. c3 Nc6 3. d4 cxd4 4. cxd4 d5 5. exd5 Qxd5 6. Nf3 Qd8 7. Nc3 e6 8. Bd3 Nf6 9. 0-0 Be7 10. Bg5 0-0 11. a3 h6 12. Bh4 a6 13. Bc2 Nd5 14. Qd3 f5 15. Bxe7 Qxe7 16. Nxd5 exd5 17. Rfe1 Qd6 18. b4 b5 19. Bb3 Be6 20. Ne5 Rac8 21. Rac1 Nxe5 22. dxe5 Rxc1 23. Rxc1 Qxe5 24. h3 Qe4 25. Qd2 f4 26. Re1 Qf5 27. Rxe6 Rf6 28. Qxd5 Qb1+ 29. Re1+ 1-0

[Event "Titled Tuesday intern op 20th Jun Early"]
[Site "Chess.com INT"]
[Date "2023.06.20"]
[Round "3"]
[White "Cheng, Xiao"]
[Black "Thiel, Thomas"]
[Result "1-0"]
[WhiteElo "2288"]
[BlackElo "2215"]
[PlyCount "53"]
[EventDate "2023.06.20"]
[EventType "swiss (blitz)"]
[EventRounds "11"]
[EventCountry "USA"]
[SourceTitle "EXT 2024"]
[Source "ChessBase"]
[SourceDate "2023.10.10"]
[SourceVersion "1"]
[SourceVersionDate "2023.10.10"]
[SourceQuality "1"]

1. d4 d5 2. Nf3 Nf6 3. c4 dxc4 4. Nc3 Bg4 5. Ne5 Be6 6. e3 Nbd7 7. Nxc4 Nb6 8. Ne5 Nfd7 9. f4 Nxe5 10. fxe5 Bf5 11. Bd3 Bxd3 12. Qxd3 e6 13. 0-0 c5 14. Kh1 cxd4 15. exd4 Qd7 16. Ne4 Rd8 17. Be3 Nd5 18. Bg1 Be7 19. Rf3 0-0 20. a3 Rc8 21. Rh3 g6 22. Qd2 f5 23. exf6 Nxf6 24. Qh6 Bd8 25. Nxf6+ Bxf6 26. Qd2 Qxd4 27. Bxd4 1-0

[Event "Titled Tuesday intern op 28th Mar Early"]
[Site "Chess.com INT"]
[Date "2023.03.28"]
[Round "1"]
[White "Cheng, Xiao"]
[Black "Ohanyan, Emin"]
[Result "0-1"]
[WhiteElo "2288"]
[BlackElo "2405"]
[PlyCount "114"]
[EventDate "2023.03.28"]
[EventType "swiss (blitz)"]
[EventRounds "11"]
[EventCountry "USA"]
[SourceTitle "EXT 2024"]
[Source "ChessBase"]
[SourceDate "2023.10.10"]
[SourceVersion "1"]
[SourceVersionDate "2023.10.10"]
[SourceQuality "1"]

1. e4 e5 2. Nf3 Nc6 3. d4 exd4 4. Nxd4 Nf6 5. Nc3 Nxe4 6. Nxe4 Qe7 7. Qd3 d5 8. Nxc6 bxc6 9. Bg5 Qxe4+ 10. Qxe4+ dxe4 11. 0-0-0 Bd6 12. Re1 f5 13. f3 Be5 14. fxe4 f4 15. Bc4 h6 16. Bh4 g5 17. Bf2 Ke7 18. Bc5+ Kf6 19. h4 Be6 20. Bxe6 Kxe6 21. c3 g4 22. Kc2 h5 23. Rd1 Rhf8 24. Bxf8 Rxf8 25. Rhf1 Bd6 26. Rd4 Bc5 27. Rc4 Bd6 28. Rxc6 Ke5 29. Kd3 Rd8 30. Rc4 Bc5+ 31. Ke2 Bb6 32. Rd1 f3+ 33. gxf3 gxf3+ 34. Kxf3 Rxd1 35. a4 a5 36. b4 Rf1+ 37. Kg3 axb4 38. cxb4 Rf7 39. a5 Bd4 40. b5 Kxe4 41. Rc6 Rg7+ 42. Kh2 Be5+ 43. Kh1 Kf3 44. Rc5 Bd4 45. Rxh5 Rg1+ 46. Kh2 Rg2+ 47. Kh3 Rg3+ 48. Kh2 Bg1+ 49. Kh1 Be3 50. Kh2 Rg2+ 51. Kh3 Rg1 52. Rf5+ Bf4 53. Rxf4+ Kxf4 54. b6 cxb6 55. axb6 Rb1 56. h5 Kg5 57. h6 Rxb6 0-1

[Event "Titled Tuesday intern op 28th Mar Early"]
[Site "Chess.com INT"]
[Date "2023.03.28"]
[Round "2"]
[White "Sanchez, Roberto Daniel"]
[Black "Cheng, Xiao"]
[Result "0-1"]
[WhiteElo "1966"]
[BlackElo "2288"]
[PlyCount "46"]
[EventDate "2023.03.28"]
[EventType "swiss (blitz)"]
[EventRounds "11"]
[EventCountry "USA"]
[SourceTitle "EXT 2024"]
[Source "ChessBase"]
[SourceDate "2023.10.10"]
[SourceVersion "1"]
[SourceVersionDate "2023.10.10"]
[SourceQuality "1"]

1. e4 c5 2. Nf3 e6 3. d4 cxd4 4. Nxd4 Nf6 5. Nc3 Nc6 6. Nxc6 bxc6 7. Bd3 d5 8. 0-0 Be7 9. f4 0-0 10. e5 Nd7 11. Rf3 g6 12. Rh3 Ba6 13. g4 Bxd3 14. cxd3 f5 15. d4 c5 16. gxf5 Rxf5 17. Ne2 Qb6 18. Ng3 Rf7 19. Be3 cxd4 20. Bxd4 Bc5 21. Bxc5 Nxc5 22. Qd4 Rxf4 23. Qxf4 Nd3+ 0-1

[Event "Titled Tuesday intern op 14th Mar Early"]
[Site "Chess.com INT"]
[Date "2023.03.14"]
[Round "2"]
[White "Cheng, Xiao"]
[Black "Daneshvar, Bardiya"]
[Result "0-1"]
[WhiteElo "2288"]
[BlackElo "2535"]
[PlyCount "70"]
[EventDate "2023.03.14"]
[EventType "swiss (blitz)"]
[EventRounds "11"]
[EventCountry "USA"]
[SourceTitle "EXT 2024"]
[Source "ChessBase"]
[SourceDate "2023.10.10"]
[SourceVersion "1"]
[SourceVersionDate "2023.10.10"]
[SourceQuality "1"]

1. e4 b6 2. d4 Bb7 3. Bd3 Nf6 4. Qe2 Nc6 5. c3 e5 6. d5 Ne7 7. h4 d6 8. h5 c6 9. c4 Nd7 10. h6 g6 11. Bg5 f6 12. Bh4 g5 13. Bg3 Ng6 14. Nc3 Qe7 15. Qd2 Nf4 16. Bxf4 exf4 17. Nf3 c5 18. 0-0-0 Ne5 19. Nxe5 fxe5 20. Qe2 Qf6 21. Rh5 Rg8 22. Rdh1 Be7 23. Nb5 Bd8 24. g4 a6 25. Nc3 f3 26. Qe3 Bc8 27. Rg1 Rf8 28. Nb1 Qf4 29. Kd2 Bxg4 30. Rh2 Qxh2 31. Rxg4 Rf4 32. Rxf4 Qxf4 33. Nc3 Qxe3+ 34. Kxe3 g4 35. a3 Bg5# 0-1

[Event "Titled Tuesday intern op 14th Mar Early"]
[Site "Chess.com INT"]
[Date "2023.03.14"]
[Round "6"]
[White "Kim, Sergey2222"]
[Black "Cheng, Xiao"]
[Result "1/2-1/2"]
[WhiteElo "2295"]
[BlackElo "2288"]
[PlyCount "124"]
[EventDate "2023.03.14"]
[EventType "swiss (blitz)"]
[EventRounds "11"]
[EventCountry "USA"]
[SourceTitle "EXT 2024"]
[Source "ChessBase"]
[SourceDate "2023.10.10"]
[SourceVersion "1"]
[SourceVersionDate "2023.10.10"]
[SourceQuality "1"]

1. d4 Nf6 2. c4 e6 3. Nc3 Bb4 4. Qc2 d5 5. a3 Bxc3+ 6. Qxc3 Ne4 7. Qc2 c5 8. dxc5 Nc6 9. Nf3 Qa5+ 10. Bd2 Nxd2 11. Nxd2 Qxc5 12. e3 d4 13. b4 Qe5 14. Nf3 Qf6 15. exd4 Nxd4 16. Nxd4 Qxd4 17. Rd1 Qe5+ 18. Be2 0-0 19. 0-0 Qf6 20. Bf3 e5 21. c5 Bf5 22. Qc3 e4 23. Qxf6 gxf6 24. Be2 Rfd8 25. g4 Be6 26. Kg2 f5 27. gxf5 Bxf5 28. Kg3 Kg7 29. Kf4 Kf6 30. Bc4 Bg6 31. Bd5 Rab8 32. Bxe4 Bxe4 33. Kxe4 Re8+ 34. Kf4 Rbd8 35. Kf3 a5 36. b5 Rc8 37. Rd6+ Re6 38. Rd5 Re5 39. Rd6+ Ke7 40. Rb6 Rc7 41. Rc1 Rexc5 42. Rxc5 Rxc5 43. Rxb7+ Ke6 44. Ke4 Rc3 45. Kd4 Rxa3 46. Kc5 Rc3+ 47. Kb6 a4 48. Ra7 Rc2 49. Rxa4 Rxf2 50. h4 f5 51. Ra7 h6 52. Rh7 Kf6 53. Rxh6+ Kg7 54. Rh5 Kg6 55. Rg5+ Kf6 56. Rg8 Rh2 57. Rh8 Kg7 58. Rh5 Kg6 59. Rg5+ Kf6 60. Rh5 Kg6 61. Rg5+ Kf6 62. Rh5 Kg6 1/2-1/2